000 00617cam a22001811 4500
082 _a940.400956
_bWAV
100 1 _aWavell, Archibald Percival Wavell,
245 1 4 _aThe Palestine campaigns,
_cby Colonel A. P. Wavell.
260 _aLondon,
_bConstable,
_c1928.
300 _axvi, 259 p.
_bmaps (part fold.)
_c23 cm.
526 _a0
_b0
_c0
_d940_400956000000000_WAV
526 _a0
_b0
_c0
_d940_400956000000000_WAV
526 _a0
_b0
_c0
_d940_400956000000000_WAV
526 _a0
_b0
_c0
_d940_415000000000000_WAV
650 0 _aMCE
_9379
650 0 _aWorld War, 1914-1918
_xCampaigns
_zPalestine.
_949418
942 _2ddc
_cBK
999 _c552204
_d552204